header

Crossing barriers and bridging cultures (Record no. 24263)

MARC details
000 -LEADER
fixed length control field 01404nam a2200337 a 4500
082 04 - DEWEY DECIMAL CLASSIFICATION NUMBER
Classification number 418/.02/094
245 00 - TITLE STATEMENT
Title Crossing barriers and bridging cultures
260 ## - PUBLICATION, DISTRIBUTION, ETC. (IMPRINT)
Place of publication Clevedon, England ;
-- Buffalo, N.Y. :
Name of publisher Multilingual Matters,
Year of publication c2003.
300 ## - PHYSICAL DESCRIPTION
Number of Pages xv, 135 p.
650 #0 - SUBJECT ADDED ENTRY--TOPICAL TERM
Topical Term Translating and interpreting
Topical Term Multilingualism
Topical Term Languages in contact
700 1# - ADDED ENTRY--PERSONAL NAME
Personal name Tosi, Arturo.
856 40 - ELECTRONIC LOCATION AND ACCESS
Uniform Resource Identifier http://site.ebrary.com/lib/rucke/Doc?id=10022473

No items available.

© 2026 Rongo University
Contact us: librarian | system librarian | Rongo university